Normal view
MARC view
Entry Personal Name
001 - CONTROL NUMBER
- control field: 10776
003 - CONTROL NUMBER IDENTIFIER
- control field: ARRUPE
005 - DATE AND TIME OF LATEST TRANSACTION
- control field: 20140610171345.0
008 - FIXED-LENGTH DATA ELEMENTS
- fixed length control field: 140610|| aca||aabn | a|a d
040 ## - CATALOGING SOURCE
- Original cataloging agency: ARRUPE
- Transcribing agency: ARRUPE
100 ## - HEADING--PERSONAL NAME
- Personal name: Chadwick,Douglas H
670 ## - SOURCE DATA FOUND
- Source citation: Work cat.: (ARRUPE): Chadwick,Douglas H, The fate of the elephant, 1994